| 000 | 00694nam a22002417a 4500 | ||
|---|---|---|---|
| 999 |
_c4295 _d4295 |
||
| 003 | AR-CdUCM | ||
| 008 | 190308b ||||| |||| 00| 0 spa d | ||
| 020 | _a968-16-1895-5 | ||
| 040 |
_aMUNICIPALIDAD PROVINCIAL DEL CUSCO _cBIBLIOTECA MUNICIPAL DEL CUSCO |
||
| 082 |
_a869.1 / _bR78 |
||
| 100 |
_aRojas Gonzales, Francisco _913578 |
||
| 245 | _aLa Negra Angustias / | ||
| 260 |
_aMexico : _bFondo de Cultura Economico, _c1984. |
||
| 300 |
_a220 paginas ; _c21cm. |
||
| 440 |
_aLecturas Mexicanas _n84 _913579 |
||
| 505 | _aLiteratura | ||
| 650 |
_aMexico _918 |
||
| 650 |
_aLecturas _96094 |
||
| 650 |
_aLiteratura _983 |
||
| 650 |
_aHistoria _9136 |
||
| 942 |
_2ddc _cLIBROS |
||
| 945 | _apjha | ||